000 01364 a2200313 4500
003 OSt
005 20180116192406.0
008 120613t xxu||||| |||| 00| 0 eng d
010 _a 2005024971
020 _a1568985479 (pbk. : alk. paper)
035 _a(OCoLC)ocm61448190
040 _c0
082 0 0 _a720.113
100 1 _aAranda, Benjamin.
_94582
245 1 0 _aTooling /
_cAranda/Lasch, Benjamin Aranda & Chris Lasch ; foreword by Cecil Balmond ; afterword by Sanford Kwinter.
260 _aNew York :
_bPrinceton Architectural Press,
_cc2006.
300 _a93 p. :
_bchiefly ill. ;
_c22 cm.
490 1 _aPamphlet architecture ;
_v27
505 0 _aSpiraling -- Packing -- Weaving -- Blending -- Cracking -- Flocking -- Tiling.
650 1 0 _aArchitectural design
_xComputer simulation.
_94583
650 1 0 _aArchitecture
_xComputer-aided design.
_94584
700 1 _aLasch, Chris.
_94585
830 0 _aPamphlet architecture ;
_94586
856 4 1 _3Table of contents
_uhttp://www.loc.gov/catdir/toc/ecip0518/2005024971.html
856 4 1 _3Publisher description
_uhttp://www.loc.gov/catdir/enhancements/fy0722/2005024971-d.html
856 4 1 _3Contributor biographical information
_uhttp://www.loc.gov/catdir/enhancements/fy0738/2005024971-b.html
942 _aSADA
_cBK
_k720.113 ARA 2006
_2ddc
999 _c353403
_d353403